Wertvollste Fußball-Clubs der Welt - Statistiken

Allgemein
  • Dieses Quiz wurde 203 mal gespielt
  • Das Durchschnittsergebnis liegt bei 18 aus 25
Antwortstatistiken
Platz Nation Wert in Mrd. USD Club % Korrekt
3 Spanien 5,65 FC Barcelona
98%
6 Deutschland 5,1 FC Bayern München
98%
1 Spanien 6,75 Real Madrid CF
98%
7 Frankreich 4,6 Paris Saint-Germain
97%
4 England 5,4 Liverpool FC
95%
5 England 5,3 Manchester City FC
95%
12 Deutschland 2,05 Borussia Dortmund
94%
2 England 6,6 Manchester United FC
94%
14 Italien 1,5 AC Mailand
92%
8 England 3,4 Arsenal FC
92%
17 Italien 1,15 Inter Mailand
92%
11 Italien 2,15 Juventus Turin
90%
10 England 3,25 Chelsea FC
89%
9 England 3,3 Tottenham Hotspur FC
85%
13 Spanien 1,7 Atletico Madrid
82%
22 England 0,9 Aston Villa FC
64%
18 England 1,125 West Ham United FC
63%
19 England 1,1 Newcastle United FC
62%
20 USA 1 Los Angeles Galaxy
59%
16 USA 1,2 Inter Miami CF
43%
15 USA 1,25 Los Angeles FC
36%
24 England 0,86 Brighton & Hove Albion FC
30%
25 England 0,85 Fulham FC
21%
21 USA 0,975 Atlanta United FC
9%
23 USA 0,875 New York City FC
8%
Keine übereinstimmenden Quizze gefunden
Verteilung der Resultate
Anzahl Personen mit jedem Resultat
Perzentil nach korrekt beantworteten Fragen
Ihre Resultats-Entwicklung
Sie haben dieses Quiz noch nicht gespielt